Mohamed El Baz (Record no. 1496)

MARC details
000 -LEADER
campo de control de longitud fija 00408nam a2200133 4500
008 - DATOS DE LONGITUD FIJA--INFORMACIÓN GENERAL
campo de control de longitud fija 709.2 B262b
020 ## - NÚMERO INTERNACIONAL ESTÁNDAR DEL LIBRO
Número Internacional Estándar del Libro 2908964473
082 ## - NÚMERO DE LA CLASIFICACIÓN DECIMAL DEWEY
Número de clasificación 709.2
Número de ítem B362b
100 ## - ENTRADA PRINCIPAL--NOMBRE DE PERSONA
Nombre de persona Baz, Mohamed El
9 (RLIN) 6399
245 ## - MENCIÓN DEL TÍTULO
Título Mohamed El Baz
260 ## - PUBLICACIÓN, DISTRIBUCIÓN, ETC.
Lugar de publicación, distribución, etc. Barcelona
Nombre del editor, distribuidor, etc. Policrom
Fecha de publicación, distribución, etc. 2006
300 ## - DESCRIPCIÓN FÍSICA
Extensión 240 p.
Otras características físicas ill (col)
Dimensiones 22.5 x 16.5 cm
650 ## - PUNTO DE ACCESO ADICIONAL DE MATERIA--TÉRMINO DE MATERIA
Subdivisión general arte contemporáneo
-- Marruecos
-- Francia
-- arte - siglo XX
-- arte biográfico
-- Baz, Mohamed El
9 (RLIN) 6400
Holdings
Estatus retirado Estado de pérdida Fuente del sistema de clasificación o colocación Estado de daño No para préstamo Biblioteca de origen Biblioteca actual Ubicación en estantería Fecha de adquisición Total de préstamos Signatura topográfica completa Código de barras Visto por última vez Precio de reemplazo Tipo de ítem Koha
    Clasificación Decimal Dewey     Biblioteca LadoV Biblioteca LadoV   14/06/2018   709.2 B362b 001095 14/06/2018 14/06/2018 Material 01